Techno-economic survey of Mysore. (Record no. 70195)

MARC details
000 -LEADER
fixed length control field 00598cam a22002171 4500
001 - CONTROL NUMBER
control field sa 66005902
003 - CONTROL NUMBER IDENTIFIER
control field DLC
005 - DATE AND TIME OF LATEST TRANSACTION
control field 20260227112252.0
008 - FIXED-LENGTH DATA ELEMENTS--GENERAL INFORMATION
fixed length control field 780906s1965 ii ab 000 0 eng
010 ## - LIBRARY OF CONGRESS CONTROL NUMBER
LC control number sa 66005902
035 ## - SYSTEM CONTROL NUMBER
System control number (OCoLC)4200548
040 ## - CATALOGING SOURCE
Original cataloging agency DLC
Transcribing agency GStG
Modifying agency DLC
042 ## - AUTHENTICATION CODE
Authentication code premarc
050 00 - LIBRARY OF CONGRESS CALL NUMBER
Classification number HC437.M8
Item number N3
082 ## - DEWEY DECIMAL CLASSIFICATION NUMBER
Classification number 330.95487
110 2# - MAIN ENTRY--CORPORATE NAME
Corporate name or jurisdiction name as entry element National Council of Applied Economic Research.
245 10 - TITLE STATEMENT
Title Techno-economic survey of Mysore.
260 ## - PUBLICATION, DISTRIBUTION, ETC.
Place of publication, distribution, etc. New Delhi
Date of publication, distribution, etc. [1965]
300 ## - PHYSICAL DESCRIPTION
Extent xv, 384 p.
Other physical details illus., maps.
Dimensions 26 cm.
651 #0 - SUBJECT ADDED ENTRY--GEOGRAPHIC NAME
Geographic name Mysore (India)
General subdivision Economic conditions.

No items available.

Powered by Koha